00000000cas 2200000zi 4500
0019.955394
003CaOODSP
00520251210085538
006m     o  d f      
007cr cn ||||||||
008250916c20249999mbcqr p o s  f0    0eng|d
040 |aCaOODSP|beng|erda|cCaOODSP
043 |an-cn-bc|an-cnp--
0861 |aA92-62E-PDF
24500|aWheat, no. 1 and no. 2 Canada Western Amber Durum (CWAD) : |b... export cargo aggregates by grade.
2461 |iSome issues have title: |aWheat, no. 1, 2 and 3 Canada Western Amber Durum (CWAD) : |b... export cargo aggregates by grade
264 1|a[Winnipeg] : |bCanadian Grain Commission = Commission canadienne des grains, |c[2023]-
310 |aQuarterly
336 |atext|btxt|2rdacontent
337 |acomputer|bc|2rdamedia
338 |aonline resource|bcr|2rdacarrier
3621 |aBegan with: 1st quarter (2023/2024 crop year).
500 |aIssued also in French under title: Blé dur ambré de l'Ouest canadien (CWAD) nos 1 et 2 : cargaisons destinées à l'exportation, échantillons regroupés par grade, ...
520 |a"Aggregate samples of wheat export shipments are prepared each quarter from loading samples, based on class, grade and shipment direction, and are analyzed according to our standard procedures and methods. Our quarterly reports present the average quality of export cargoes of Canada Western Amber Durum (CWAD) wheat ..."
588 |aDescription based on: 1st quarter (2023/2024 crop year); title from PDF caption.
588 |aLatest issue consulted: 3rd quarter (2024/2025).
650 0|aDurum wheat|xQuality|zCanada, Western|vStatistics|vPeriodicals.
655 7|aPeriodicals|2lcgft
655 7|aStatistics|2lcgft
7102 |aCanadian Grain Commission, |eissuing body.
7102 |aGrain Research Laboratory (Canada), |eissuing body.
77508|tBlé dur ambré de l'Ouest canadien (CWAD) nos 1 et 2 : |w(CaOODSP)9.955393